| 000 | 00484nam a2200181Ia 4500 | ||
|---|---|---|---|
| 008 | 230125s9999 xx 000 0 und d | ||
| 041 | _aeng | ||
| 082 |
_a658.472 _bWEI |
||
| 100 |
_aWeiss D M _9107280 |
||
| 245 | _aAfter the trade is made processing securies transactions | ||
| 250 | _a2nd ed | ||
| 260 |
_c1997 _bPrentice Hall |
||
| 300 | _a500p | ||
| 500 | _aSecurities market,Stock market | ||
| 650 |
_aGeneral _9107281 |
||
| 700 |
_aWeiss D M _9107280 |
||
| 999 |
_c84466 _d84466 |
||